Every FIFA World Cup Ball by Picture (1930-2022) - Statistics

General Stats
  • This quiz has been taken 4 times
  • The average score is 14 of 27
Answer Stats
Ball Image Year Ball Name % Correct
2014 Brazuca
100%
1982 Tango España
100%
1938 Allen
67%
1986 Azteca
67%
1950 Duplo T
67%
2002 Fevernova
67%
2010 Jabulani
67%
1994 Questra
67%
1978 Tango
67%
2006 Teamgeist
67%
1970 Telstar
67%
2018 Telstar 18
67%
1974 Telstar Durlast
67%
1998 Tricolore
67%
2014 Brazuca Final Rio
33%
1966 Challenge 4-Star
33%
1962 Crack
33%
1990 Etrusco Unico
33%
1934 Federale 102
33%
2010 Jo’bulani
33%
2022 Rihla
33%
1954 Swiss World Champion
33%
2006 Teamgeist Berlin
33%
2018 Telstar Mechta
33%
N/A 1930 Tiento
33%
1930 T-Model
33%
1958 Top Star
33%
No matching quizzes found
Score Distribution
Percent of People with Each Score
Percentile by Number Answered
Your Score History
You have not taken this quiz